UFC Weight Divisions - Statistics

General Stats
  • This quiz has been taken 2,711 times
  • The average score is 8 of 9
Answer Stats
Hint Answer % Correct
265 Heavyweight
99%
155 Lightweight
97%
205 Light Heavyweight
96%
185 Middleweight
96%
135 Bantamweight
94%
170 Welterweight
93%
145 Featherweight
92%
125 Flyweight
91%
115 Strawweight
78%
No matching quizzes found
Score Distribution
Percent of People with Each Score
Percentile by Number Answered
Your Score History
You have not taken this quiz